| 000 | 00968nam a2200229 i 4500 | ||
|---|---|---|---|
| 001 | 189190 | ||
| 003 | SpMaBN | ||
| 005 | 20240104133743.0 | ||
| 008 | 190423t20062007sp d |||| | spa d | ||
| 020 | _a978-84-7671-962-6 | ||
| 080 | _a(038)=134.2'373.72=134.3 | ||
| 100 | 1 |
_aGarcía Benito, Ana Belén. _9166866 |
|
| 245 | 1 | 0 |
_aDiccionario de expresiones idiomáticas (español-portugués) _b: expresiones idiomáticas verbales del español y sus equivalencias en portugués / _cAna Belén García Benito. |
| 250 | _a2ª ed., amp. y mejorada. | ||
| 260 |
_aMérida : _bJunta de Extremadura, Gabinete de Iniciativas Transfronterizas, _c2006 [i.e. 2007] |
||
| 300 |
_a401 p. ; _c24 cm. |
||
| 650 | 1 | 4 |
_aLengua española- _xModismos- _vDiccionarios- _xPortugués. _9166867 |
| 710 | 1 |
_aExtremadura. _bGabinete de Iniciativas Transfronterizas. _94054 |
|
| 852 |
_aES-MaACL _jA-14479 _9196328 _bR.152051 _cDEPO1 _dOlim: N-7479 |
||
| 942 | _2udc | ||
| 999 |
_c189190 _d189190 |
||